000
00241 a2200097 4500
020
_a
9789362547057
100
_a
Esther Ananthamurthy
245
_a
Ananthasmruthi(അനന്തസ്മൃതി)
260
_b
D C books
_c
2024
942
_c
OO
999
_c
115358
_d
115357